header

A good life in a world made good (Record no. 234358)

MARC details
000 -LEADER
fixed length control field 02388nam a2200397 a 4500
082 04 - DEWEY DECIMAL CLASSIFICATION NUMBER
Classification number 211/.6/092
-- B
100 1# - MAIN ENTRY--AUTHOR NAME
Personal name Peden, Creighton,
245 12 - TITLE STATEMENT
Title A good life in a world made good
260 ## - PUBLICATION, DISTRIBUTION, ETC. (IMPRINT)
Place of publication New York :
Name of publisher P. Lang,
Year of publication c2006.
300 ## - PHYSICAL DESCRIPTION
Number of Pages xvi, 312 p. :
Other physical details ill.
490 1# - SERIES STATEMENT
Series statement American liberal religious thought,
505 0# - FORMATTED CONTENTS NOTE
Formatted contents note Family background -- McMaster University -- Examination & ordination -- Early ministry -- Fort William to Chicago -- Saskatoon, heresy & Y.M.C.A -- Overseas to Chicago -- Doctoral dissertation -- Early years of teaching -- The rise of religious humanism -- Professional pressures -- Book reviews : 1920s -- Early articles -- Hebrew Union College lectures -- Later articles -- Unity articles -- Haydon's The quest of the ages : 1929 -- Critical dialogue -- Mental hygiene -- Articles : 1930s -- Haydon's three sons -- Man's search for the good life : an inquiry into the nature of religions (1937) -- Book reviews, 1930s -- Biography of the gods (1941) -- Early 1940s -- Chicago Ethical Societies' lecture series -- Radio addresses -- Edith Haydon's death -- Final years.
650 #0 - SUBJECT ADDED ENTRY--TOPICAL TERM
Topical Term Humanists
Topical Term Humanism, Religious
Topical Term Religion historians
856 40 - ELECTRONIC LOCATION AND ACCESS
Uniform Resource Identifier http://site.ebrary.com/lib/rucke/Doc?id=10531622

No items available.

© 2026 Rongo University
Contact us: librarian | system librarian | Rongo university